|
|
|
|
| LEADER |
01740nam a2200481 a 4500 |
| 001 |
nkc20102089404 |
| 003 |
CZ PrNK |
| 005 |
20100929083434.0 |
| 007 |
ta |
| 008 |
100309s2010 xr abceg f 001 0 cze |
| 015 |
|
|
|a cnb002089404
|
| 020 |
|
|
|a 978-80-249-1334-6
|q (váz.)
|
| 035 |
|
|
|a (OCoLC)670478335
|
| 040 |
|
|
|a BOA001
|b cze
|d ABA001
|
| 041 |
1 |
|
|a cze
|h eng
|
| 043 |
|
|
|a e-it---
|
| 072 |
|
7 |
|a 913(4)
|x Geografie Evropy, reálie, cestování
|2 Konspekt
|9 7
|
| 080 |
|
|
|a 913(450)
|2 MRF
|
| 080 |
|
|
|a (036)913
|2 MRF
|
| 245 |
0 |
0 |
|a Itálie /
|c [hlavní spolupracovníci Ros Belford ... et al. ; z anglického originálu ... přeložili Lenka Svobodová a Jozef Koval]
|
| 250 |
|
|
|a Vyd. 5.
|
| 260 |
|
|
|a Praha :
|b Ikar,
|c 2010
|
| 300 |
|
|
|a 720 s. :
|b il. (převážně barev.), mapy, portréty, plány ;
|c 22 cm
|
| 490 |
1 |
|
|a Společník cestovatele
|
| 500 |
|
|
|a Obálkový podnázev: ilustrovaný průvodce, s kterým nezabloudíte
|
| 500 |
|
|
|a Česko-italský slovníček
|
| 500 |
|
|
|a Chronologický přehled
|
| 504 |
|
|
|a Obsahuje bibliografické odkazy a rejstřík
|
| 651 |
|
7 |
|a Itálie
|7 ge129398
|2 czenas
|
| 651 |
|
9 |
|a Italy
|2 eczenas
|
| 655 |
|
7 |
|a turistické průvodce
|7 fd133738
|2 czenas
|
| 655 |
|
9 |
|a tourist guidebooks
|2 eczenas
|
| 700 |
1 |
|
|a Belford, Ros
|7 xx0004263
|4 aut
|
| 700 |
1 |
|
|a Svobodová, Lenka
|7 jo20000075522
|4 trl
|
| 700 |
1 |
|
|a Koval, Jozef,
|d 1951-
|7 jn20011018120
|4 trl
|
| 765 |
0 |
|
|t Italy
|9 Česky
|
| 830 |
|
0 |
|a Společník cestovatele
|0 s
|
| 910 |
2 |
|
|a BOA001
|b 2-1248.344
|
| 928 |
9 |
|
|a Euromedia Group - Ikar
|
| 990 |
|
|
|a BK
|
| 995 |
|
|
|a 01
|
| 991 |
|
|
|b 201009
|c NOV
|j 913(4) PRU ITA
|e n
|
| 996 |
6 |
|
|b 2610446926
|c 2-1248.344
|l MZK
|r Sklad / do 1 hodiny
|n 3
|p p.v.
|w 001140305
|u 000010
|a 1
|e BOA001
|j MZK50
|s P
|